[Event "Budapest FS10 FM"]
[Site "Budapest"]
[Date "2023.10.09"]
[Round "3"]
[White "Hradeczky, Tamas"]
[Black "Szlenka, Attila"]
[Result "1-0"]
[WhiteElo "1760"]
[BlackElo "1495"]
[PlyCount "59"]
[EventDate "2023.10.07"]
[EventType "tourn"]
[EventRounds "9"]
[EventCountry "HUN"]
[SourceTitle "Mega2024 Update 01"]
[Source "Chessbase"]
[SourceDate "2023.11.12"]
[SourceVersion "1"]
[SourceVersionDate "2023.11.12"]
[SourceQuality "1"]

1. d4 Nf6 2. c4 g6 3. Nc3 Bg7 4. g3 0-0 5. Bg2 d6 6. Nf3 c6 7. 0-0 Bg4 8. h3 Bd7 9. e4 Qc8 10. Kh2 Na6 11. e5 Ne8 12. Re1 h6 13. d5 cxd5 14. Nxd5 Qd8 15. exd6 exd6 16. Ne7+ Kh7 17. Bf4 Be6 18. Nxg6 fxg6 19. Rxe6 Nc5 20. Re2 Qf6 21. Rc1 Rd8 22. b4 Ne6 23. Be3 b6 24. Rd2 Rf7 25. Rd5 Qe7 26. Nh4 Nf6 27. Nxg6 Qc7 28. Qd3 Kg8 29. Rf5 Qd7 30. Rd1 1-0

[Event "Budapest FS08 FM"]
[Site "Budapest"]
[Date "2023.08.07"]
[Round "3.3"]
[White "Gruz, Janos"]
[Black "Szlenka, Attila"]
[Result "1/2-1/2"]
[WhiteElo "1512"]
[BlackElo "1489"]
[PlyCount "39"]
[EventDate "2023.08.05"]
[EventType "tourn"]
[EventRounds "10"]
[EventCountry "HUN"]
[SourceTitle "EXT 2024"]
[Source "ChessBase"]
[SourceDate "2023.10.10"]
[SourceVersion "1"]
[SourceVersionDate "2023.10.10"]
[SourceQuality "1"]

1. d4 Nf6 2. Nf3 d6 3. c4 g6 4. Nc3 Bg7 5. e4 0-0 6. Be2 Nbd7 7. 0-0 e5 8. dxe5 Nxe5 9. Nxe5 dxe5 10. Bg5 c6 11. Qxd8 Rxd8 12. Rfd1 Be6 13. b3 h6 14. Be3 b6 15. f3 Kf8 16. Bf2 Ke8 17. g4 Rxd1+ 18. Rxd1 Rd8 19. Rxd8+ Kxd8 20. h3 1/2-1/2

[Event "Budapest FS06 FM"]
[Site "Budapest"]
[Date "2023.06.05"]
[Round "3"]
[White "Hradeczky, Tamas"]
[Black "Szlenka, Attila"]
[Result "1-0"]
[WhiteElo "1791"]
[BlackElo "1541"]
[PlyCount "99"]
[EventDate "2023.06.03"]
[EventType "tourn"]
[EventRounds "9"]
[EventCountry "HUN"]
[SourceTitle "EXT 2024"]
[Source "ChessBase"]
[SourceDate "2023.10.10"]
[SourceVersion "1"]
[SourceVersionDate "2023.10.10"]
[SourceQuality "1"]

1. e4 Nf6 2. e5 Nd5 3. d4 d6 4. c4 Nb6 5. f4 dxe5 6. fxe5 Nc6 7. Be3 Bf5 8. Nc3 e6 9. h3 Be7 10. Nf3 0-0 11. Qd2 Qd7 12. Be2 Rad8 13. 0-0 Bg6 14. Rad1 Na5 15. b3 Bb4 16. Qc1 Qe7 17. c5 Bxc3 18. Qxc3 Nd5 19. Qd2 Nc6 20. Bg5 f6 21. exf6 gxf6 22. Bh6 Rfe8 23. Bc4 Qd7 24. Rde1 Nce7 25. g4 Kh8 26. Qh2 c6 27. Ne5 Qc8 28. Bd2 Qb8 29. Nxg6+ hxg6 30. Qxb8 Rxb8 31. Rxe6 Kg7 32. Rfe1 Kf7 33. Bf4 Rbd8 34. Bd6 Nc8 35. Rxe8 Rxe8 36. Rxe8 Kxe8 37. Bxd5 cxd5 38. Bg3 Ne7 39. Kf2 Kd7 40. Ke3 Ke6 41. b4 a6 42. a4 f5 43. Bd6 Nc8 44. Kf4 fxg4 45. Kxg4 Na7 46. Be5 Nc6 47. b5 Nb4 48. Kg5 Kf7 49. Bg3 axb5 50. axb5 1-0

[Event "Budapest FS03 FM"]
[Site "Budapest"]
[Date "2023.03.07"]
[Round "4"]
[White "Szlenka, Attila"]
[Black "Jeswin, Jayakumar"]
[Result "1/2-1/2"]
[WhiteElo "1544"]
[BlackElo "1512"]
[PlyCount "110"]
[EventDate "2023.03.04"]
[EventType "team-tourn"]
[EventRounds "9"]
[EventCountry "HUN"]
[SourceTitle "CBM 213 Extra"]
[Source "ChessBase"]
[SourceDate "2023.05.31"]
[SourceVersion "1"]
[SourceVersionDate "2023.05.31"]
[SourceQuality "1"]
[WhiteTeam "Team Lower Elo"]
[BlackTeam "Team Higher Elo"]
[WhiteTeamCountry "HUN"]
[BlackTeamCountry "HUN"]

1. c4 e5 2. Nc3 c6 3. g3 d5 4. cxd5 cxd5 5. Bg2 Nf6 6. d3 Be6 7. Bd2 Nc6 8. Nf3 Be7 9. 0-0 0-0 10. Ng5 h6 11. Nxe6 fxe6 12. Bh3 Qd7 13. Qa4 Bd6 14. a3 Qe7 15. Rac1 Rac8 16. e3 Nh7 17. Qg4 Ng5 18. Bg2 e4 19. dxe4 Ne5 20. Qe2 Nef3+ 21. Bxf3 Nxf3+ 22. Kg2 Qf7 23. h3 Qh5 24. Qd1 g6 25. exd5 Nxd2 26. Qxd2 Qf3+ 27. Kh2 exd5 28. Rcd1 Bxg3+ 29. fxg3 Qxf1 30. Rxf1 Rxf1 31. Qxd5+ Rf7 32. h4 Kg7 33. Qd4+ Kh7 34. e4 h5 35. e5 Rcf8 36. Kg2 Re7 37. Ne4 Kh6 38. Ng5 Rfe8 39. e6 a6 40. Kf3 b5 41. Ke4 Rf8 42. Kd5 Rd8+ 43. Ke4 Rxd4+ 44. Kxd4 Kg7 45. Kd5 Kf6 46. Kd6 Re8 47. Nh7+ Kg7 48. Kd7 Ra8 49. Ng5 Kf6 50. Kd6 Rd8+ 51. Kc7 Rd5 52. Kb6 Rd6+ 53. Kc5 Rd1 54. Kb6 Rd6+ 55. Kc5 Rd1 1/2-1/2

[Event "Budapest FS12 FM"]
[Site "Budapest"]
[Date "2022.12.05"]
[Round "3"]
[White "Gaspar, Muriel Aranka"]
[Black "Szlenka, Attila"]
[Result "1-0"]
[WhiteElo "1459"]
[BlackElo "1636"]
[PlyCount "21"]
[EventDate "2022.12.03"]
[EventType "tourn"]
[EventRounds "10"]
[EventCountry "HUN"]
[SourceTitle "CBM 212 Extra"]
[Source "ChessBase"]
[SourceDate "2023.03.31"]
[SourceVersion "1"]
[SourceVersionDate "2023.03.31"]
[SourceQuality "1"]

1. d4 Nf6 2. Nc3 g6 3. e4 d6 4. f3 Bg7 5. Be3 e5 6. dxe5 dxe5 7. Qxd8+ Kxd8 8. 0-0-0+ Nbd7 9. Bc4 Ke7 10. Nb5 Nb6 11. Bc5+ 1-0

[Event "Budapest FS10 FM"]
[Site "Budapest"]
[Date "2022.10.04"]
[Round "4"]
[White "Mayer, Istvan"]
[Black "Szlenka, Attila"]
[Result "1/2-1/2"]
[WhiteElo "1820"]
[BlackElo "1637"]
[PlyCount "116"]
[EventDate "2022.10.01"]
[EventType "tourn"]
[EventRounds "9"]
[EventCountry "HUN"]
[SourceTitle "CBM 210 Extra"]
[Source "ChessBase"]
[SourceDate "2022.11.30"]
[SourceVersion "1"]
[SourceVersionDate "2022.11.30"]
[SourceQuality "1"]

1. e4 d6 2. d4 g6 3. Nc3 Bg7 4. Nf3 Nf6 5. Bg5 Bg4 6. h3 Bxf3 7. Qxf3 0-0 8. 0-0-0 c6 9. Qe3 b5 10. e5 Ne8 11. exd6 Nxd6 12. Qxe7 f6 13. Qxd8 Rxd8 14. Bf4 a6 15. d5 c5 16. Bxd6 Rxd6 17. Ne4 Rd8 18. Nxc5 Bh6+ 19. Kb1 Ra7 20. c4 Rc8 21. Ne4 f5 22. Nd6 Rd8 23. c5 Rc7 24. Re1 Bf8 25. a4 bxa4 26. Re6 Bxd6 27. cxd6 Rcd7 28. Bc4 Rxd6 29. Rhe1 Kf8 30. Re7 R6d7 31. R7e6 Rd6 32. Ka2 a5 33. Ka3 Rxe6 34. Rxe6 Nd7 35. d6 Nb6 36. Bb5 Kf7 37. Re7+ Kf6 38. Rxh7 Rxd6 39. Ra7 Rd5 40. Be8 Rd3+ 41. Ka2 Rd6 42. Rxa5 Rd2 43. Ra6 Ke7 44. Rxb6 Kxe8 45. Rxg6 Rxf2 46. Rg3 Ke7 47. Rf3 Rxg2 48. Rxf5 Rg3 49. h4 Rg4 50. h5 Rh4 51. Ka3 Ke6 52. Ra5 Kd6 53. Ra6+ Kc7 54. h6 Kb7 55. Rg6 Ka7 56. Ka2 Rh1 57. Rg7+ Kb6 58. h7 Ka6 1/2-1/2

[Event "Budapest FS10 FM"]
[Site "Budapest"]
[Date "2022.10.02"]
[Round "2"]
[White "Szlenka, Attila"]
[Black "Hradeczky, Tamas"]
[Result "0-1"]
[WhiteElo "1637"]
[BlackElo "1795"]
[PlyCount "106"]
[EventDate "2022.10.01"]
[EventType "tourn"]
[EventRounds "9"]
[EventCountry "HUN"]
[SourceTitle "CBM 210 Extra"]
[Source "ChessBase"]
[SourceDate "2022.11.30"]
[SourceVersion "1"]
[SourceVersionDate "2022.11.30"]
[SourceQuality "1"]

1. g3 d5 2. Bg2 c6 3. Nf3 Bg4 4. d3 Nd7 5. h3 Bh5 6. 0-0 e6 7. c4 Ngf6 8. Nc3 Be7 9. a3 a5 10. Bd2 Bxf3 11. exf3 d4 12. Ne4 Nxe4 13. fxe4 Nc5 14. Qg4 h5 15. Qe2 Nb3 16. Rad1 Nxd2 17. Rxd2 h4 18. g4 e5 19. Rc2 Bc5 20. f4 exf4 21. Rxf4 Qe7 22. e5 0-0-0 23. Qf2 Rde8 24. Re4 Kb8 25. Rce2 Rh6 26. Kh1 Re6 27. Qf5 g6 28. Qf4 Bb6 29. b4 axb4 30. axb4 Qxb4 31. Qc1 Qc5 32. Qb1 Bc7 33. Rb2 b6 34. Qa1 Rxe5 35. Qa6 Rxe4 36. Bxe4 Bd8 37. Rb5 Qe7 38. c5 Qb7 39. Qxb7+ Kxb7 40. Rb4 Bc7 41. Kg2 f5 42. gxf5 gxf5 43. Bxf5 Re5 44. cxb6 Bxb6 45. Be4 Kc7 46. Rb1 Rg5+ 47. Kf2 Rg3 48. Rh1 c5 49. Bf5 Kd6 50. Rg1 c4 51. Rb1 Bc5 52. Rd1 c3 53. Rc1 Re3 0-1

[Event "Budapest FS09 FM"]
[Site "Budapest"]
[Date "2022.09.06"]
[Round "4"]
[White "Mayer, Istvan"]
[Black "Szlenka, Attila"]
[Result "0-1"]
[WhiteElo "1822"]
[BlackElo "1607"]
[PlyCount "70"]
[EventDate "2022.09.03"]
[EventType "tourn"]
[EventRounds "9"]
[EventCountry "HUN"]
[SourceTitle "CBM 210 Extra"]
[Source "ChessBase"]
[SourceDate "2022.11.30"]
[SourceVersion "1"]
[SourceVersionDate "2022.11.30"]
[SourceQuality "1"]

1. e4 Nf6 2. e5 Nd5 3. c4 Nb6 4. d4 d6 5. exd6 exd6 6. Be3 Be7 7. Nc3 Nc6 8. Bd3 Bf6 9. Nge2 Nb4 10. Bb1 0-0 11. a3 Nc6 12. b3 Re8 13. 0-0 Bg4 14. Ra2 Bh5 15. Ne4 d5 16. Nc5 Qc8 17. Qc1 Bxe2 18. Rxe2 dxc4 19. bxc4 Bxd4 20. Ne4 Bxe3 21. fxe3 Ne5 22. c5 Nbd7 23. Rd2 Re7 24. Qc2 Nf8 25. Rd5 Qg4 26. Qb2 Rae8 27. h3 Qh4 28. Rd4 Qh6 29. Rf4 Ne6 30. Ng3 Nxd4 31. Rxd4 Qxe3+ 32. Kh2 g6 33. Ne4 Qf4+ 34. Ng3 Nf3+ 35. gxf3 Re2+ 0-1

[Event "Budapest FS09 FM"]
[Site "Budapest"]
[Date "2022.09.03"]
[Round "1"]
[White "Szlenka, Attila"]
[Black "Mayer, Istvan"]
[Result "0-1"]
[WhiteElo "1607"]
[BlackElo "1822"]
[PlyCount "94"]
[EventDate "2022.09.03"]
[EventType "tourn"]
[EventRounds "9"]
[EventCountry "HUN"]
[SourceTitle "CBM 210 Extra"]
[Source "ChessBase"]
[SourceDate "2022.11.30"]
[SourceVersion "1"]
[SourceVersionDate "2022.11.30"]
[SourceQuality "1"]

1. c4 e5 2. Nc3 Nc6 3. g3 f5 4. Bg2 Nf6 5. d3 Bc5 6. e3 0-0 7. Nge2 Bb6 8. a3 d6 9. b4 a5 10. b5 Ne7 11. Qb3 Kh8 12. 0-0 c6 13. a4 Be6 14. Ba3 Bc7 15. Rab1 Bf7 16. d4 Ng6 17. Rfd1 e4 18. Nf4 Qe7 19. Nce2 Nxf4 20. exf4 Bh5 21. Re1 Rfc8 22. Nc3 Bf7 23. Bf1 Nd7 24. Nd1 Bb6 25. Bb2 h5 26. Ne3 Qe6 27. Qc3 Qg6 28. Bh3 Be6 29. Ba3 Qf6 30. Red1 g6 31. Bxd6 cxb5 32. Be5 Nxe5 33. fxe5 Qe7 34. c5 b4 35. Qd2 Ba7 36. d5 Bd7 37. d6 Qg7 38. Nd5 Rxc5 39. Rbc1 Rac8 40. Ne7 e3 41. fxe3 Rc3 42. Nd5 Qxe5 43. Kh1 Rxc1 44. Rxc1 Rxc1+ 45. Qxc1 Qxd5+ 46. e4 Qxe4+ 47. Bg2 Be3 0-1

[Event "Budapest FS07 FM"]
[Site "Budapest"]
[Date "2022.07.04"]
[Round "3"]
[White "Szlenka, Attila"]
[Black "Mayer, Istvan"]
[Result "0-1"]
[WhiteElo "1602"]
[BlackElo "1812"]
[PlyCount "46"]
[EventDate "2022.07.02"]
[EventType "tourn"]
[EventRounds "10"]
[EventCountry "HUN"]
[SourceTitle "EXT 2023"]
[Source "ChessBase"]
[SourceDate "2022.10.05"]
[SourceVersion "1"]
[SourceVersionDate "2022.10.05"]
[SourceQuality "1"]

1. Nf3 d5 2. g3 g6 3. Bg2 Bg7 4. 0-0 e5 5. d4 exd4 6. Nxd4 Ne7 7. Nc3 c6 8. Bg5 h6 9. Bxe7 Qxe7 10. e4 dxe4 11. Nxe4 0-0 12. c3 Rd8 13. Qa4 Nd7 14. Rfe1 Nb6 15. Qa5 Rd5 16. Nf6+ Qxf6 17. Bxd5 cxd5 18. Re8+ Kh7 19. Rae1 Nc4 20. Qc7 Nd6 21. Rd8 Ne4 22. f3 Bh3 23. Rxa8 Qxd4+ 0-1

[Event "Budapest FS05 FM"]
[Site "Budapest"]
[Date "2022.05.13"]
[Round "6"]
[White "Szlenka, Attila"]
[Black "Mayer, Istvan"]
[Result "0-1"]
[WhiteElo "1643"]
[BlackElo "1784"]
[PlyCount "68"]
[EventDate "2022.05.07"]
[EventType "tourn"]
[EventRounds "10"]
[EventCountry "HUN"]
[SourceTitle "EXT 2023"]
[Source "ChessBase"]
[SourceDate "2022.10.05"]
[SourceVersion "1"]
[SourceVersionDate "2022.10.05"]
[SourceQuality "1"]

1. c4 e5 2. Nc3 f5 3. d3 Nc6 4. g3 Nf6 5. Bg2 Bc5 6. e3 0-0 7. Nge2 Bb6 8. 0-0 d6 9. a3 a6 10. b4 Ne7 11. d4 Qe8 12. dxe5 dxe5 13. Na4 Ba7 14. Bb2 Qh5 15. Nc5 c6 16. Nc3 Qh6 17. Qe2 g5 18. f4 Ng6 19. Rad1 gxf4 20. exf4 exf4 21. Bc1 Ng4 22. h3 Ne3 23. Bxe3 fxe3 24. Rd6 Bb8 25. Rd3 f4 26. g4 Ne5 27. Rdd1 b6 28. N5e4 Be6 29. g5 Qh4 30. Nf6+ Kh8 31. Rd4 Qxg5 32. Nce4 Qh6 33. Rxf4 Qxf4 34. Qh5 Bf5 0-1